Knowledge Management Formulates a New System of Wealth Creation

Znalostná ekonomika predstavuje nový trend v ekonomickom vývoji spoločnosti. Vedomosti ako kľúčový faktor ekonomického rastu. Implementácia modelu znalostného manažmentu v obchodnej praxi. Štyri základné fázy modelu.

Enregistré dans:
Détails bibliographiques
Auteur principal: Čihovská, Viera
Autres auteurs: Hvizdová, Eva, ml
Format: Chapitre de livre
Langue:anglais
Sujets:
Tags: Ajouter un tag
Pas de tags, Soyez le premier à ajouter un tag!

MARC

LEADER 00000naa a2200000 4500
001 0134888
005 20240502083327.3
041 0 |a eng 
044 |a LT 
245 1 0 |a Knowledge Management Formulates a New System of Wealth Creation  |c Viera Čihovská, Eva Hvizdová 
520 |a Znalostná ekonomika predstavuje nový trend v ekonomickom vývoji spoločnosti. Vedomosti ako kľúčový faktor ekonomického rastu. Implementácia modelu znalostného manažmentu v obchodnej praxi. Štyri základné fázy modelu. 
610 2 0 |a ekonomika znalostná 
610 2 0 |a manažment znalostný 
610 2 0 |a modely 
610 2 0 |a vedomosti 
610 2 0 |a rast hospodársky 
610 2 0 |a učiaca sa organizácia 
100 1 |a Čihovská, Viera 
700 1 |a Hvizdová, Eva, ml.